000 00566nam a22002057a 4500
005 20260429143908.0
008 260429b |||||||| |||| 00| 0 eng d
020 _a9780123982582
_qhb
082 _a693.834
_bLON.2E
100 _aLong, Marshall
245 _aArchitectural acoustics [2nd ed.]
250 _a2nd ed.
260 _aOxford
_bAcademic press, an imprint of Elsevier
_c2014
300 _axxviii, 950p. ; 24cm.
653 _aAcoustical engineering
653 _aArchitectural acoustics
653 _aME432
653 _aME632
942 _2ddc
_cBK
999 _c53155
_d53155